000 00202nam a22000857a 4500
008 161217b xxu||||| |||| 00| 0 eng d
100 _92096
_aKaur.K.
245 _aKids Creative Art-2
260 _bCordava
_c2009
999 _c4979
_d4979